[Event "X Abierto Constitucion "]
[Site "San Sebastian de los Reyes "]
[Date "2008.12.08"]
[Round "9.18"]
[White "Alonso Garuti, Luis E"]
[Black "Alvarez Gonzalez, Eduardo"]
[Result "1-0"]
[WhiteElo "1986"]
[BlackElo "1845"]
[PlyCount "63"]
[EventDate "2008.11.30"]

1. e4 c6 2. d4 d5 3. exd5 cxd5 4. c4 Nf6 5. Nc3 e6 6. Nf3 Nc6 7. c5 Ne4 8. Bd3
f5 9. Bf4 Qf6 10. Nb5 g5 11. Be5 Nxe5 12. Nxe5 Bxc5 13. Bxe4 fxe4 14. Nc7+ Ke7
15. Qa4 Bd6 16. Nxa8 Bxe5 17. dxe5 Qxe5 18. Qb4+ Kf7 19. Rc1 Kg6 20. Qe7 Qxb2
21. O-O Qf6 22. Qd6 Rd8 23. Qg3 Bd7 24. Nc7 Bc6 25. h4 h6 26. f4 Qd4+ 27. Kh2
Rh8 28. Nxe6 Qf6 29. f5+ Kf7 30. Qc3 Qxc3 31. Rxc3 Kf6 32. Nd4 1-0

[Event "X Abierto Constitucion "]
[Site "San Sebastian de los Reyes "]
[Date "2008.12.08"]
[Round "9.19"]
[White "Perez Gonzalez, Jesus Miguel"]
[Black "Fernandez Aransay, Fernando"]
[Result "0-1"]
[WhiteElo "1819"]
[BlackElo "1958"]
[PlyCount "120"]
[EventDate "2008.11.30"]

1. e4 c6 2. d4 d5 3. e5 Bf5 4. Nf3 e6 5. c3 Nd7 6. b4 f6 7. exf6 Ngxf6 8. Bd3
Be4 9. O-O h6 10. Re1 Qc7 11. Nh4 O-O-O 12. Bxe4 Nxe4 13. f3 Ng5 14. Ng6 Bd6
15. Nxh8 Bxh2+ 16. Kh1 Rxh8 17. Be3 Qg3 18. Bf2 Qxf2 19. Kxh2 Nxf3+ 20. Qxf3
Qxe1 21. Qg3 Qe2 22. c4 Qb2 23. Qc3 Qxc3 24. Nxc3 dxc4 25. b5 cxb5 26. Nxb5 a6
27. Nd6+ Kc7 28. Nxc4 Nf6 29. Rc1 Rd8 30. Ne5+ Kb8 31. Rc4 Nd7 32. Nf7 Rc8 33.
Rb4 Rc2 34. a4 Kc7 35. Kg3 a5 36. Rb3 Rc4 37. Rxb7+ Kxb7 38. Nd6+ Kc6 39. Nxc4
Kd5 40. Nxa5 Kxd4 41. Nc6+ Kd5 42. Nd8 e5 43. Kf3 e4+ 44. Ke3 Nb6 45. Nf7 Nxa4
46. Nh8 Nb6 47. Ng6 Nc4+ 48. Ke2 Ke6 49. g3 Kf5 50. Nf4 Kg4 51. Kf2 e3+ 52. Kg2
Nd6 53. Nd5 Nf5 54. Nf4 Nxg3 55. Ng6 Nf5 56. Ne5+ Kf4 57. Ng6+ Ke4 58. Kf1 Kf3
59. Ne5+ Kg3 60. Ke2 h5 0-1

[Event "X Abierto Constitucion "]
[Site "San Sebastian de los Reyes "]
[Date "2008.12.08"]
[Round "9.23"]
[White "Sierra Soria, Maria"]
[Black "Ruiz Quevedo, Andres"]
[Result "0-1"]
[WhiteElo "1718"]
[BlackElo "1903"]
[PlyCount "88"]
[EventDate "2008.11.30"]

1. c4 Nf6 2. Nf3 c5 3. Nc3 b6 4. g3 Bb7 5. Bg2 e6 6. O-O Be7 7. d4 cxd4 8. Qxd4
d6 9. Rd1 a6 10. b3 Nbd7 11. Ba3 Nc5 12. Bb2 Qc7 13. Rac1 O-O 14. Re1 Rad8 15.
Ng5 Rfe8 16. Nge4 Qb8 17. Rcd1 Qa8 18. Nxf6+ Bxf6 19. Bxb7 Qxb7 20. Qd2 b5 21.
b4 Nd7 22. cxb5 axb5 23. Qxd6 Nb6 24. Qf4 Rc8 25. Rc1 Rc4 26. Qd2 Rd8 27. Qe3
Rxb4 28. Rb1 Nc4 29. Qc1 Nxb2 30. Rxb2 Rc4 31. Rb3 Qc6 32. Rd1 Rc8 33. Qd2 Rxc3
34. Rxc3 Qxc3 35. Qd7 Qc6 36. Qd3 h6 37. Rb1 Qc4 38. Rxb5 Qxd3 39. exd3 Ra8 40.
Kg2 Rxa2 41. Rb8+ Kh7 42. Rb7 Kg6 43. Rb4 h5 44. Kf3 Rd2 0-1

[Event "X Abierto Constitucion "]
[Site "San Sebastian de los Reyes "]
[Date "2008.12.08"]
[Round "9.24"]
[White "Garcia Lopez, Fernando"]
[Black "Sierra Bermejo, Gregorio"]
[Result "1/2-1/2"]
[WhiteElo "1675"]
[BlackElo "1792"]
[PlyCount "130"]
[EventDate "2008.11.30"]

1. e4 e5 2. Nf3 Nf6 3. Nxe5 d6 4. Nf3 Nxe4 5. Nc3 Nxc3 6. dxc3 Be7 7. Be3 O-O
8. Qd2 Nc6 9. O-O-O Bf5 10. Nd4 Bd7 11. h4 Nxd4 12. cxd4 Bf5 13. h5 d5 14. a3
Re8 15. f3 h6 16. g4 Bh7 17. Bd3 Bxd3 18. Qxd3 c6 19. f4 Bf6 20. Rde1 Re4 21.
c3 Qe7 22. Bd2 Re8 23. Rxe4 dxe4 24. Qe3 Qe6 25. g5 hxg5 26. fxg5 Bxg5 27. Qxg5
e3 28. h6 exd2+ 29. Qxd2 Qe3 30. Qxe3 Rxe3 31. Kd2 Rg3 32. b4 g6 33. a4 Kh7 34.
Kc2 Re3 35. c4 f5 36. d5 cxd5 37. cxd5 Re7 38. d6 Rd7 39. Rd1 Kxh6 40. Kc3 Kg5
41. Kc4 Kf6 42. Kc5 g5 43. a5 a6 44. b5 axb5 45. Kxb5 Ke6 46. Kc5 Rd8 47. Re1+
Kd7 48. Re7+ Kc8 49. Rc7+ Kb8 50. a6 bxa6 51. Kc6 Rc8 52. Kd7 Rg8 53. Kc6 f4
54. Rf7 Rc8+ 55. Kd5 a5 56. d7 Rd8 57. Kd6 a4 58. Rf5 Rg8 59. Rb5+ Ka7 60. Ra5+
Kb6 61. Rxa4 Rg6+ 62. Ke7 Rg7+ 63. Ke8 Rg8+ 64. Ke7 Rg7+ 65. Ke8 Rg8+ 1/2-1/2

[Event "X Abierto Constitucion "]
[Site "San Sebastian de los Reyes "]
[Date "2008.12.08"]
[Round "9.28"]
[White "Takvor Mena, Samuel"]
[Black "Martinez Miura, Enrique"]
[Result "0-1"]
[WhiteElo "1538"]
[BlackElo "1779"]
[PlyCount "84"]
[EventDate "2008.11.30"]

1. e4 e6 2. d4 d5 3. exd5 exd5 4. Nf3 Bd6 5. Nc3 c6 6. g3 Nf6 7. Bg2 O-O 8. O-O
Re8 9. Bg5 h6 10. Bxf6 Qxf6 11. Re1 Be6 12. Ne5 Nd7 13. f4 Bb4 14. Qf3 Nxe5 15.
dxe5 Bc5+ 16. Kh1 Qg6 17. Rac1 Bf5 18. Qd1 Bf2 19. Rf1 Be3 20. Ra1 Bxc2 21. Qf3
d4 22. f5 Qg5 23. Ne4 Bxe4 24. Qxe4 Qe7 25. f6 Qxe5 26. Qxe5 Rxe5 27. fxg7 Kxg7
28. h4 Rc5 29. Be4 Re8 30. Bd3 Re6 31. Kh2 Rf6 32. Kh3 Rxf1 33. Rxf1 Bc1 34.
Rf2 Re5 35. b3 Re3 36. Bc4 f6 37. Rc2 Ba3 38. Rd2 Bd6 39. Rg2 d3 40. Kg4 b5 41.
Bxb5 cxb5 42. h5 Rxg3+ 0-1

[Event "X Abierto Constitucion "]
[Site "San Sebastian de los Reyes "]
[Date "2008.12.08"]
[Round "9.30"]
[White "Rial Rodriguez, Eduardo"]
[Black "Fernandez Gil, Ruben Carlos"]
[Result "0-1"]
[WhiteElo "1415"]
[BlackElo "1574"]
[PlyCount "56"]
[EventDate "2008.11.30"]

1. e4 e5 2. Nf3 Nc6 3. d4 exd4 4. Nxd4 d6 5. Nc3 Nf6 6. Bb5 Bd7 7. Nxc6 bxc6 8.
Bd3 Be7 9. O-O O-O 10. Be3 Ng4 11. Qe2 Nxe3 12. Qxe3 Bg5 13. f4 Bf6 14. Kh1 Re8
15. Rae1 Rb8 16. Qc1 Bd4 17. h3 Qf6 18. Rf3 Qh4 19. f5 Be5 20. Ref1 Rf8 21. Bc4
d5 22. exd5 Qxc4 23. dxc6 Bxc6 24. Re3 Bf4 25. Rxf4 Qxf4 26. Qe1 Rfe8 27. Rxe8+
Rxe8 28. Qd1 Qg3 0-1

[Event "X Abierto Constitucion "]
[Site "San Sebastian de los Reyes "]
[Date "2008.12.08"]
[Round "9.32"]
[White "Jimenez Vera, Ruben"]
[Black "Cruz Martin, Francisco"]
[Result "1-0"]
[WhiteElo "1551"]
[BlackElo "1547"]
[PlyCount "73"]
[EventDate "2008.11.30"]

1. e4 d5 2. exd5 Qxd5 3. Nc3 Qd8 4. d4 c6 5. Nf3 e6 6. a3 Be7 7. g3 f5 8. Ne5
Nf6 9. Bg5 O-O 10. Bc4 Qe8 11. Qe2 Bd6 12. Bxf6 Rxf6 13. Nf3 Nd7 14. O-O-O b5
15. Ba2 Nb6 16. Rhe1 h6 17. d5 b4 18. axb4 Bxb4 19. dxe6 Be7 20. Qe5 Bb7 21.
Qc7 Rb8 22. Nd4 Rf8 23. Nb3 Na8 24. Qd7 Nb6 25. Qxe8 Rbxe8 26. Nc5 Bxc5 27. e7+
Rf7 28. Rd8 Nd5 29. Rxe8+ Kh7 30. Nxd5 cxd5 31. Rh8+ Kxh8 32. e8=Q+ Rf8 33. Qb5
Bb6 34. Bxd5 Bxd5 35. Qxd5 Kh7 36. Re7 Bxf2 37. Qe5 1-0